Daty w historii polski - Statystyki

Ogólne statystyki
  • Ten quiz został rozwiązany 198 razy
  • Średni wynik to 22 z 31
Statystyki odpowiedzi
Wydarzenie Data % Poprawnych
Chrzest Polski 966
100%
Zjazd w Gnieźnie 1000
95%
Bitwa pod Grunwaldem 1410
93%
Koronacja Chrobrego 1025
92%
Polska w UE 2004
91%
Zakończenie II wojny światowej 1945
90%
Atak Niemiec 1939
89%
Powstanie Warszawskie 1944
89%
Polska w NATO 1999
89%
Odzyskanie niepodległości 1918
88%
Zakończenie komunizmu w Polsce 1989
88%
Bitwa Warszawska 1920
86%
II rozbiór Polski 1793
85%
III rozbiór Polski 1795
84%
Konstytucja III Maja 1791
82%
I rozbiór Polski 1772
81%
Powstanie kościuszkowskie 1794
77%
Powstanie styczniowe 1863
74%
Hołd pruski 1525
68%
Rozbicie dzielnicowe 1138
62%
Unia lubelska 1569
59%
Bitwa pod Wiedniem 1683
59%
Potop szwedzki 1655
55%
Unia w Krewie 1385
47%
Pokój w Oliwie 1660
47%
Zdobycie Moskwy 1610
46%
Pierwsza wolna elekcja 1573
44%
Powstanie kozackie 1648
41%
II pokój toruński 1466
36%
Rozejm w Andruszowie 1667
35%
Pokój w Polanowie 1634
28%
Nie znaleziono quizów pasujących do podanych kryteriów
Rozkład punktacji
Procent ludzi z każdym wynikiem
Percentyl według liczby udzielonych odpowiedzi
Twoja historia wyników
Nie rozwiązałeś tego quizu